| 000 | 00930nam a2200289 i 4500 | ||
|---|---|---|---|
| 001 | 000030678 | ||
| 003 | DO-SdBNP | ||
| 005 | 20240717132420.0 | ||
| 006 | a||||gr|||| 00| 0 | ||
| 007 | ta | ||
| 008 | 110525t1976 ag 000 e spa d | ||
| 040 |
_aDO-SdBNP _bspa _cBNPHU _erda |
||
| 082 | 4 |
_a22 _bL664e |
|
| 100 | 1 |
_aLévi-Strauss, Claude _961821 _eautora |
|
| 245 | 1 | 0 |
_aElogio de la antropoligía / _cClaude Lévi-Strauss, traducción, Carlos Rafael Giordano. |
| 264 | 4 |
_aBuenos Aires, Argentina : _bEdiciones Caldén, _c1976 |
|
| 300 |
_a107 páginas : _c20 cm. |
||
| 336 |
_2rdacontent _atexto _btxt |
||
| 337 |
_2rdamedia _asin mediación _bn |
||
| 338 |
_2rdacarrier _avolumen _bnc |
||
| 490 | 0 |
_aEl hombre y su mundo ; _v22 |
|
| 590 | _aInventariado 2024 / MF | ||
| 650 | 4 |
_aAntropología Social _92424 |
|
| 650 | 4 |
_aAntropología _985431 |
|
| 700 | 1 |
_aGiordano, Carlos Rafael, _etraductor _986111 |
|
| 942 |
_2ddc _cLBS1 |
||
| 999 |
_c30170 _d30170 |
||